000 00330nam a2200145Ia 4500
005 20251222152020.0
008 251222s9999||||xx |||||||||||||| ||spa||
020 _a8479082542
082 _a631.85/J81
100 _aJuárez Sanz, M.
245 0 _aFósforo en agricultura
250 _a1ra.ed.
264 _bDiana
942 _cLIB
999 _c25267
_d25267